| 000 | | | 04789nac2a22003253x 450 |
| 001 | | | f10defc9-1a26-4359-9543-4d0c4b6a4859 |
| 005 | | | 20240819221852.0 |
| 100 | ## | $a | 20240716l1880 k y0rusy50 ca |
| 101 | 0# | $a | rus |
| 102 | ## | $a | RU |
| 105 | ## | $a | y z ||||| |
| 122 | 0# | $a | d18801231 |
| 200 | 1# | $a | Записка лесничего, коллежского советника Станкевича о мерах борьбы с революционерами путем реорганизации паспортной системы |
| | $j | [1880] |
| 215 | ## | $a | 5 листов |
| | $d | 36,5 х 24,3 |
| 251 | ## | $c | Дело |
| 300 | ## | $a | Рукописный текст |
| 300 | ## | $a | Лист: 1 (один) лист чистый |
| 325 | ## | $a | Замикрофильмировано |
| 330 | ## | $a | Входит в раздел описи: Материалы, относящиеся к деятельности Лорис-Меликова М. Т. в Верховной Распорядительной Комиссии |
| 461 | #0 | $1 | 001cda3d175-ae4a-411a-8dea-9cc20fb178f6 |
| | $1 | 2001 |
| | $a | Лорис-Меликов Михаил Тариелович, граф, министр внутренних дел, главный начальник "верховной распорядительной комиссии по охранению государственного порядка и общественного спокойствия", генерал от кавалерии |
| | $1 | 251 |
| | $c | Фонд |
| | $1 | 852 |
| | $j | 569 |
| 462 | #0 | $1 | 001163e060a-d7cc-404d-90ee-e28c9801971b |
| | $1 | 2001 |
| | $a | Опись дел фонда М. Т. Лорис-Меликова за 1858-1915 гг. |
| | $v | Д. 92 |
| | $1 | 251 |
| | $c | Опись |
| | $1 | 852 |
| | $j | 1 |
| 600 | #1 | $a | Станкевич |
| 605 | ## | $3 | DITM\AF\0000002775 |
| | $a | Власть |
| | $l | коллекция |
| | $2 | acquisition_prlib |
| 610 | 1# | $a | Революционеры |
| | $a | Меры борьбы |
| | $a | Паспортная система |
| | $a | Реорганизация |
| 686 | ## | $a | 63.3(2)535-332ю1 |
| | $c | История |
| | $2 | rubbk |
| 686 | ## | $a | 67.400.6ю1 |
| | $c | Право |
| | $2 | rubbk |
| 700 | #1 | $a | Станкевич |
| 801 | #0 | $a | RU |
| | $b | GA_RF |
| 801 | #1 | $a | RU |
| | $b | ГлавНИВЦ |
| | $c | 20240716 |
| | $2 | rusmarc |
| 801 | #2 | $a | RU |
| | $b | ПБ им. Б.Н. Ельцина |
| | $c | 20240819 |
| | $g | RCR |
| | $2 | rusmarc |
| 852 | ## | $a | ГА РФ |
| | $j | 92 |
| 937 | ## | $d | 193627096 |
| | $h | ГАРФ |
| 035 | ## | $a | RuPRLIB51076540 |
| 856 | ## | $u | http://readingroom.main.prlib.ru/item.aspx?id_node=n193627096&mode=full |